<?xml version="1.0" encoding="UTF-8"?>
<marc:record xmlns:marc="http://www.loc.gov/MARC21/slim">
   <marc:leader>00000nam a2200000 a 4500</marc:leader>
   <marc:datafield ind1="1" ind2=" " tag="100">
      <marc:subfield code="a">Clausing, Henrick</marc:subfield>
      <marc:subfield code="4">aut</marc:subfield>
      <marc:subfield code="e">Verfasser/-in</marc:subfield>
   </marc:datafield>
   <marc:datafield ind1="0" ind2="0" tag="245">
      <marc:subfield code="a">Auf diese Pfoten ist Verlass!</marc:subfield>
   </marc:datafield>
   <marc:datafield ind1="0" ind2="0" tag="245">
      <marc:subfield code="b">Hunde im Einsatz</marc:subfield>
   </marc:datafield>
   <marc:datafield ind1="0" ind2="0" tag="245">
      <marc:subfield code="c">Clausing, Henrick</marc:subfield>
   </marc:datafield>
   <marc:datafield ind1=" " ind2="1" tag="264">
      <marc:subfield code="a">Weinheim</marc:subfield>
      <marc:subfield code="b">Beltz &amp; Gelberg</marc:subfield>
      <marc:subfield code="c">2023</marc:subfield>
   </marc:datafield>
   <marc:datafield ind1="1" ind2=" " tag="520">
      <marc:subfield code="a">Mit wedelndem Schwanz und allzeit bereit unterstützen Hunde uns Menschen bei alltäglichen Aufgaben und Problemen oder befreien uns sogar mit Spezialausrüstung aus Notlagen. Stürz dich mit Wasserrettungshund Lonzo tapfer in die Fluten, erschnüffel mit Artenschutzhund Fietje Spuren von seltenen Fledermäusen und begleite Schulhund Melody bei seiner Arbeit im Klassenzimmer. Was er da wohl macht? Die felligen Helfer sind immer zur Stelle!&#xD;
&#xD;
Viele lustige und quirlige Illustrationen zeigen uns, wo Tiere im Einsatz sind, wie sie ausgebildet werden und was sie am liebsten in ihrer Freizeit machen.</marc:subfield>
   </marc:datafield>
   <marc:datafield ind1=" " ind2=" " tag="020">
      <marc:subfield code="a">9783407757487</marc:subfield>
      <marc:subfield code="9">9783407757487</marc:subfield>
   </marc:datafield>
   <marc:datafield ind1=" " ind2=" " tag="020">
      <marc:subfield code="a">3407757484</marc:subfield>
      <marc:subfield code="9">3407757484</marc:subfield>
   </marc:datafield>
   <marc:datafield ind1=" " ind2=" " tag="041">
      <marc:subfield code="a">ger</marc:subfield>
   </marc:datafield>
   <marc:datafield ind1=" " ind2=" " tag="300">
      <marc:subfield code="a">circa 34 Seiten</marc:subfield>
   </marc:datafield>
</marc:record>
